[Event "World Youth Girls U18 2014"]
[Site "Durban RSA"]
[Date "2014.09.26"]
[Round "8.20"]
[White "Jaskunaite, Areta"]
[Black "Foster, Chantelle L"]
[Result "0-1"]
[WhiteElo "1499"]
[BlackElo "1840"]
[WhiteFideId "12809250"]
[BlackFideId "408476"]
[EventDate "2014.09.20"]

1. d4 d5 2. Nf3 Nf6 3. c4 c6 4. Nbd2 Bf5 5. Nh4 Bg6 6. Qb3 Qb6 7. Qh3 Qc7 8.
Nxg6 fxg6 9. e3 Qd7 10. Qf3 Qg4 11. Qxg4 Nxg4 12. h3 Nf6 13. Bd3 Nbd7 14. Nf3 e6
15. Bd2 Bd6 16. Bc3 O-O 17. O-O Rfd8 18. Ne5 Be7 19. Rfd1 Nxe5 20. dxe5 Nd7 21.
f4 Nb6 22. Bd4 c5 23. Bc3 d4 24. Bd2 0-1

[Event "World Youth Girls U18 2014"]
[Site "Durban RSA"]
[Date "2014.09.26"]
[Round "8.22"]
[White "Koh, Clarise"]
[Black "Wang, Yan"]
[Result "0-1"]
[WhiteElo "1446"]
[BlackElo "1691"]
[WhiteFideId "3200388"]
[BlackFideId "2614910"]
[EventDate "2014.09.20"]

1. e4 c5 2. Nf3 Nc6 3. d4 cxd4 4. Nxd4 e6 5. Nc3 Nf6 6. Be3 Bb4 7. f3 d5 8. Nxc6
Bxc3+ 9. bxc3 bxc6 10. e5 Nd7 11. f4 O-O 12. h4 f6 13. Bd3 fxe5 14. fxe5 Qe8 15.
Rf1 Rxf1+ 16. Kxf1 Nxe5 0-1

[Event "World Youth Girls U18 2014"]
[Site "Durban RSA"]
[Date "2014.09.26"]
[Round "8.23"]
[White "February, Jesse Nikki"]
[Black "Adanmis, Ezgi"]
[Result "0-1"]
[WhiteElo "1688"]
[BlackElo "1546"]
[WhiteFideId "14312336"]
[BlackFideId "6360017"]
[EventDate "2014.09.20"]

1. Nf3 e6 2. d4 Nf6 3. e3 c5 4. Bd3 Nc6 5. b3 Be7 6. Nbd2 cxd4 7. exd4 Nb4 8.
Be2 Qc7 9. c4 b6 10. a3 Nc6 11. Bb2 O-O 12. Rc1 Qf4 13. O-O Bb7 14. Bd3 Rac8 15.
Re1 Rfd8 16. Ne4 d5 17. Ng3 dxc4 18. bxc4 Bd6 19. Rc2 Bb8 20. Bc1 Qd6 21. Ne5
Nxe5 22. Rxe5 Nd7 23. Rh5 Nf6 0-1

[Event "World Youth Girls U18 2014"]
[Site "Durban RSA"]
[Date "2014.09.26"]
[Round "8.24"]
[White "Bernstein, Olivia"]
[Black "Kumari, S C T"]
[Result "1/2-1/2"]
[WhiteTitle "WCM"]
[WhiteElo "1645"]
[BlackElo "1525"]
[WhiteFideId "14307332"]
[BlackFideId "9917390"]
[EventDate "2014.09.20"]

1. c4 c5 2. g3 Nf6 3. Bg2 d5 4. cxd5 Nxd5 5. Nf3 Nc6 6. O-O e5 7. Nc3 Nc7 8. d3
Be7 9. Bd2 Be6 10. Qc2 O-O 11. Ne4 b6 12. Neg5 Bf5 13. Ne4 Kh8 14. Nc3 Be6 15.
Qc1 Qd7 16. Ng5 Bf5 17. Re1 f6 18. Nf3 Be6 19. b3 Rab8 20. Qb2 a5 21. Rac1 Rfd8
22. Nd1 Bf8 23. Ne3 Na6 24. Nc4 Nab4 25. a3 Nd5 26. Ne3 Nc7 27. Nc4 Nb5 28. Bc3
Nxc3 29. Qxc3 Be7 30. Qb2 Bf8 31. Qc3 Na7 32. Rb1 Nc6 33. Rbc1 1/2-1/2

[Event "World Youth Girls U18 2014"]
[Site "Durban RSA"]
[Date "2014.09.27"]
[Round "9.1"]
[White "Saduakassova, Dinara"]
[Black "Rodionova, Polina"]
[Result "1-0"]
[WhiteTitle "WGM"]
[BlackTitle "WFM"]
[WhiteElo "2409"]
[BlackElo "2090"]
[WhiteFideId "13700090"]
[BlackFideId "24102555"]
[EventDate "2014.09.20"]

1. d4 Nf6 2. c4 g6 3. Nc3 Bg7 4. e4 d6 5. Nf3 O-O 6. Be2 e5 7. O-O Nc6 8. d5 Ne7
9. b4 Nh5 10. g3 f5 11. Ng5 Nf6 12. Bf3 fxe4 13. Ncxe4 Nf5 14. Bg2 Nxe4 15. Nxe4
a5 16. bxa5 Rxa5 17. Bd2 Ra6 18. c5 Kh8 19. a4 Nd4 20. Rb1 Qd7 21. a5 Qf7 22.
cxd6 cxd6 23. Bb4 Qe7 24. Re1 h5 25. Nxd6 Rxd6 26. Qxd4 exd4 27. Rxe7 Rdd8 28.
Rxg7 Kxg7 29. Bxf8+ Kxf8 30. Rd1 Re8 31. h3 Bf5 32. Rxd4 Re1+ 33. Kh2 Ra1 34. d6
Ke8 35. Bxb7 Rxa5 36. Bc6+ Bd7 37. Be4 Bf5 38. Bxf5 Rxf5 39. d7+ Kd8 40. Kg2 1-0

[Event "World Youth Girls U18 2014"]
[Site "Durban RSA"]
[Date "2014.09.27"]
[Round "9.2"]
[White "Osmanodja, Filiz"]
[Black "Hoare, Amy B"]
[Result "1-0"]
[WhiteTitle "WIM"]
[WhiteElo "2310"]
[BlackElo "1981"]
[WhiteFideId "24633569"]
[BlackFideId "418366"]
[EventDate "2014.09.20"]

1. e4 e5 2. Nf3 Nc6 3. Bb5 Nf6 4. d3 Bc5 5. c3 O-O 6. O-O Re8 7. Re1 a6 8. Ba4
b5 9. Bb3 h6 10. Nbd2 d6 11. Nf1 Bb6 12. Ng3 Ne7 13. a4 Rb8 14. d4 Ng6 15. Qd3
Bd7 16. Be3 Ng4 17. Bd2 c5 18. axb5 axb5 19. dxc5 Bxc5 20. Re2 Qb6 21. Rf1 b4
22. c4 Nf6 23. h3 Ra8 24. Ree1 Nf4 25. Bxf4 exf4 26. Nh1 Bc6 27. Nd2 Bd4 28. Qb1
Ra5 29. Bc2 Be5 30. Nf3 b3 31. Bd3 Ra2 32. Re2 Rea8 33. Qc1 Qa5 34. c5 Ra1 35.
Qc4 Rxf1+ 36. Kxf1 Qa1+ 37. Re1 Qxb2 38. cxd6 Bd7 39. Nxe5 Qxe5 40. Qxb3 Qxd6
41. Bc4 Qe7 42. e5 Ne8 43. Qb7 Ra4 44. e6 fxe6 45. Bxe6+ Qxe6 46. Rxe6 Bxe6 47.
Kg1 Nf6 48. Qb8+ Kh7 49. Qb1+ Kg8 50. Qb8+ Kh7 51. Qe5 Re4 52. Qd6 Bd5 53. Kh2
Ra4 54. f3 Bf7 55. Qc6 Rc4 56. Qb5 Rd4 57. Qe5 Rc4 58. Qb5 Rd4 59. Qe5 Rc4 60.
Nf2 Bg6 61. Nd1 Rc1 62. Nc3 Rc2 63. Ne2 Nh5 64. Nd4 Rc8 65. Ne6 Re8 66. Qd6 Bf7
67. Nxf4 Nxf4 68. Qxf4 Bg6 69. g4 h5 70. Kg3 Re1 71. Kh4 hxg4 72. hxg4 Rh1+ 73.
Kg5 Rh6 74. Qc7 Bd3 75. f4 Rg6+ 76. Kh4 Be2 77. Qc2 Bxg4 78. f5 Bxf5 79. Qxf5 1-0

[Event "World Youth Girls U18 2014"]
[Site "Durban RSA"]
[Date "2014.09.27"]
[Round "9.3"]
[White "Michelle Catherina, P"]
[Black "Rodriguez Rueda, Paula Andrea"]
[Result "0-1"]
[BlackTitle "WIM"]
[WhiteElo "2114"]
[BlackElo "2349"]
[WhiteFideId "5005736"]
[BlackFideId "4404564"]
[EventDate "2014.09.20"]

1. e4 c5 2. Nf3 e6 3. d4 cxd4 4. Nxd4 a6 5. Be2 Nf6 6. Nc3 Qc7 7. O-O Bb4 8. Qd3
d6 9. Qg3 O-O 10. Bh6 Ne8 11. Kh1 Nc6 12. Nxc6 bxc6 13. f4 Bxc3 14. bxc3 f6 15.
f5 d5 16. Qxc7 Nxc7 17. Bf4 Nb5 18. Bxb5 axb5 19. exd5 exd5 20. g4 h5 21. h3
hxg4 22. hxg4 Ra4 23. Rae1 Kf7 24. a3 g5 25. fxg6+ Kxg6 26. Kg2 Bxg4 27. Kg3 Bf5
28. Re7 Rh8 29. Rg1 Bxc2 30. Bd6 Rc4 31. Kf2+ Kf5 32. Rg3 Be4 33. Ke1 Rh1+ 34.
Kd2 d4 35. Bb4 c5 36. Ba5 Ra4 0-1

[Event "World Youth Girls U18 2014"]
[Site "Durban RSA"]
[Date "2014.09.27"]
[Round "9.4"]
[White "Utiatskaja, Irina"]
[Black "Styazhkina, Anna"]
[Result "1-0"]
[BlackTitle "WIM"]
[WhiteElo "2047"]
[BlackElo "2203"]
[WhiteFideId "24140848"]
[BlackFideId "24119300"]
[EventDate "2014.09.20"]

1. d4 d5 2. c4 e6 3. Nf3 c6 4. Qc2 Nf6 5. g3 Be7 6. Bg2 O-O 7. O-O b6 8. Nbd2
Na6 9. e4 Nb4 10. Qb1 dxc4 11. Nxc4 Ba6 12. b3 c5 13. Rd1 Rc8 14. Bf4 Bxc4 15.
bxc4 cxd4 16. Nxd4 Nd7 17. Nb5 Nc6 18. Nd6 Bxd6 19. Bxd6 Re8 20. Qb5 Qf6 21. f4
e5 22. Bh3 Red8 23. Kg2 Nd4 24. Rxd4 exd4 25. e5 Qg6 26. Bxd7 a6 27. Qxa6 Qc2+
28. Kh3 Rxc4 29. Qb7 Qg6 30. Be7 Qh5+ 31. Bh4 Rc2 32. Qxb6 Rf8 33. Bg4 Qg6 34.
Qxg6 hxg6 35. e6 Re8 36. exf7+ Kxf7 37. Bd1 Rd2 38. Bb3+ Kf8 39. Rc1 d3 40. Rc7
Ra8 41. Be7+ Ke8 42. Bb4 Re2 43. Rxg7 Ra6 44. Bc4 1-0

[Event "World Youth Girls U18 2014"]
[Site "Durban RSA"]
[Date "2014.09.27"]
[Round "9.5"]
[White "Marikova, Jana"]
[Black "Parnali, S Dharia"]
[Result "0-1"]
[WhiteElo "2188"]
[BlackElo "1919"]
[WhiteFideId "334138"]
[BlackFideId "5043131"]
[EventDate "2014.09.20"]

1. d4 Nf6 2. c4 g6 3. Nc3 Bg7 4. e4 d6 5. Nf3 O-O 6. Be2 e5 7. O-O Nc6 8. d5 Ne7
9. Ne1 Nd7 10. Be3 f5 11. f3 f4 12. Bf2 g5 13. Rc1 Ng6 14. c5 Nf6 15. cxd6 cxd6
16. Nd3 Rf7 17. Qc2 g4 18. a4 g3 19. hxg3 fxg3 20. Bxg3 Nh5 21. Bh2 Bh6 22. f4
Nhxf4 23. Nxf4 Bxf4 24. Bxf4 Nxf4 25. Bf3 Rg7 26. Rfd1 Bg4 27. Bxg4 Rxg4 28. Rd2
Qb6+ 29. Kh2 Qe3 30. Rf2 Qg3+ 31. Kg1 Nh3+ 32. Kf1 Nxf2 0-1

[Event "World Youth Girls U18 2014"]
[Site "Durban RSA"]
[Date "2014.09.27"]
[Round "9.6"]
[White "Cosman, Andreea-Marioara"]
[Black "Nandhidhaa, PV"]
[Result "0-1"]
[WhiteElo "2018"]
[BlackElo "2144"]
[WhiteFideId "1217968"]
[BlackFideId "5050847"]
[EventDate "2014.09.20"]

1. d4 Nf6 2. c4 e6 3. Nc3 d5 4. cxd5 exd5 5. Bg5 c6 6. e3 Bf5 7. Qf3 Bg6 8. Bxf6
Qxf6 9. Qxf6 gxf6 10. Nf3 Bd6 11. g3 Nd7 12. Nh4 Nb6 13. Rc1 O-O 14. f4 f5 15.
b3 Rfe8 16. Kf2 Kg7 17. Bd3 Kf6 18. Rhg1 Re7 19. h3 Rae8 20. Nd1 Nc8 21. Rc2 Bc7
22. Nf3 Nd6 23. Ne5 Ke6 24. b4 a5 25. Rb2 axb4 26. Rxb4 Ra8 27. a4 Ba5 28. Rb3
f6 29. Nxg6 hxg6 30. Nb2 Kd7 31. g4 Rh8 32. gxf5 gxf5 33. Bf1 Kc7 34. Nd1 Ne4+
35. Ke2 Nd2 36. Rd3 Nxf1 37. Rxf1 Rxh3 38. Nf2 Rh2 39. Rg1 Bb4 40. Rg6 Re6 41.
Rb3 c5 42. dxc5 Bxc5 43. Kf3 d4 44. Kg3 Rh7 45. exd4 Bxd4 46. Rd3 Rd7 47. Kf3
Ra6 48. Ra3 b5 49. a5 b4 50. Rb3 Bc3 51. Rg1 Rxa5 52. Rc1 Rc5 53. Rc2 Kc6 54.
Ke2 Kb5 55. Nd3 Rc4 56. Nb2 Bxb2 57. Rxc4 Kxc4 58. Rxb2 Kc3 0-1

[Event "World Youth Girls U18 2014"]
[Site "Durban RSA"]
[Date "2014.09.27"]
[Round "9.7"]
[White "Ren, Xiaoyi"]
[Black "Navrotescu, Andreea-Cristiana"]
[Result "1-0"]
[BlackTitle "WFM"]
[WhiteElo "2134"]
[BlackElo "2208"]
[WhiteFideId "8608709"]
[BlackFideId "675946"]
[EventDate "2014.09.20"]

1. d4 Nf6 2. c4 e6 3. a3 c5 4. e3 cxd4 5. exd4 d5 6. c5 Be7 7. Nf3 O-O 8. Bd3 a5
9. Nc3 b6 10. Na4 bxc5 11. dxc5 Qc7 12. Bg5 e5 13. Nb6 Qxc5 14. Nxa8 e4 15. Rc1
Qd6 16. Nc7 exd3 17. Qxd3 Bd8 18. Nb5 Re8+ 19. Be3 Qd7 20. O-O Ba6 21. a4 Nc6
22. Nfd4 Ne5 23. Qc2 Nc4 24. Bg5 Qg4 25. Nf3 h6 26. Bh4 Ne5 27. Nxe5 Qxh4 28.
Nf3 Qb4 29. Qc6 Re6 30. Qa8 Qf8 31. Nfd4 Rb6 32. Nc6 1-0

[Event "World Youth Girls U18 2014"]
[Site "Durban RSA"]
[Date "2014.09.27"]
[Round "9.8"]
[White "Fischer, Julie"]
[Black "Xiao, Yiyi"]
[Result "0-1"]
[BlackTitle "WFM"]
[WhiteElo "1960"]
[BlackElo "2168"]
[WhiteFideId "699969"]
[BlackFideId "8606161"]
[EventDate "2014.09.20"]

1. e4 c5 2. Nc3 e6 3. Nge2 Nc6 4. g3 d5 5. exd5 exd5 6. Bg2 d4 7. Nd5 Nge7 8.
Nef4 Nxd5 9. Nxd5 Bd6 10. d3 O-O 11. O-O Be6 12. Nf4 Bf5 13. h3 Rc8 14. Bd2 Qd7
15. g4 Bxf4 16. Bxf4 Be6 17. Qf3 b5 18. a3 c4 19. dxc4 bxc4 20. Rfd1 Rfd8 21. b4
d3 22. c3 Ne7 23. Qb7 Bd5 24. Qxd7 Rxd7 25. Be5 Ng6 26. Bg3 Ne7 27. Be5 f6 28.
Bd4 Kf7 29. Rd2 g5 30. f3 Ng6 31. Kf2 Nf4 32. Bf1 Re8 33. Bc5 a6 34. a4 Bc6 35.
Rb2 Bxa4 36. Rxa4 d2 37. Bxc4+ Kg6 38. Ra1 d1=Q 39. Rxd1 Rxd1 40. Bxa6 Rh1 41.
Rb3 Ree1 42. Be3 Ra1 43. Bxf4 gxf4 44. Ke2 Rxa6 45. b5 Rd6 46. b6 Rh2+ 47. Ke1
Rdd2 48. b7 Ra2 0-1

[Event "World Youth Girls U18 2014"]
[Site "Durban RSA"]
[Date "2014.09.27"]
[Round "9.10"]
[White "Mukhit, Aisezym"]
[Black "Dziodzio, Angelika"]
[Result "0-1"]
[WhiteElo "2059"]
[BlackElo "1991"]
[WhiteFideId "13706349"]
[BlackFideId "1170643"]
[EventDate "2014.09.20"]

1. e4 c5 2. Nf3 d6 3. d4 cxd4 4. Nxd4 Nf6 5. f3 e5 6. Nb3 Be6 7. c4 a5 8. a4 Be7
9. Be3 O-O 10. Be2 Nc6 11. O-O Ne8 12. Nc3 Bg5 13. Qd2 Bxe3+ 14. Qxe3 Nb4 15.
Rac1 Rc8 16. Nd5 Na6 17. c5 Bxd5 18. exd5 Nb4 19. Rfd1 Nf6 20. Bc4 Na2 21. Rc2
Nb4 22. Rcd2 Kh8 23. Bb5 h6 24. Kh1 Qe7 25. cxd6 Qxd6 26. Nxa5 Nbxd5 27. Qb3 Qc7
28. Nc4 Rcd8 29. Qa3 Kg8 30. Qa1 Qe7 31. Re2 e4 32. fxe4 Nxe4 33. Rde1 f5 34.
Qa3 Qf6 35. Nd2 Nxd2 36. Rxd2 Nf4 37. Rf2 Qd4 38. Ref1 g5 39. Qb3+ Kg7 40. Bc4
b6 41. h3 Rde8 42. Rf3 Qd2 43. Qc3+ Qxc3 44. Rxc3 Re7 45. Rb3 Rf6 46. Rb5 Nh5
47. Kh2 f4 48. Rd1 Ng3 49. b4 Nf5 50. Bd3 Ne3 51. Rc1 Rd6 52. Rc3 g4 53. g3 f3
54. hxg4 Nxg4+ 55. Kg1 Rxd3 0-1

[Event "World Youth Girls U18 2014"]
[Site "Durban RSA"]
[Date "2014.09.27"]
[Round "9.11"]
[White "Regam, Jessica"]
[Black "Machlik, Edit"]
[Result "1-0"]
[WhiteTitle "WFM"]
[WhiteElo "2031"]
[BlackElo "1929"]
[WhiteFideId "2033496"]
[BlackFideId "1513591"]
[EventDate "2014.09.20"]

1. e4 c6 2. d4 d5 3. e5 c5 4. dxc5 Nc6 5. Nf3 Bg4 6. c3 e6 7. b4 Bxf3 8. Qxf3
Nxe5 9. Bb5+ Nc6 10. O-O Be7 11. Qg3 Bf6 12. Rd1 Ne7 13. Bg5 Bxg5 14. Qxg5 O-O
15. Nd2 a5 16. a3 Qc7 17. Nf3 Nf5 18. Bd3 Nce7 19. Qh5 Qf4 20. Bc2 g6 21. Qh3
Rfc8 22. g4 Qh6 23. Qxh6 Nxh6 24. h3 Kg7 25. Ne5 Rc7 26. f4 Nhg8 27. g5 Nf5 28.
Bxf5 gxf5 29. h4 Ne7 30. h5 Nc6 31. Nf3 h6 32. Kf2 hxg5 33. fxg5 f6 34. Rg1 Ne7
35. Nd4 1-0

[Event "World Youth Girls U18 2014"]
[Site "Durban RSA"]
[Date "2014.09.27"]
[Round "9.12"]
[White "Nevioselaya, Maria"]
[Black "Rodsmoen, Maud"]
[Result "1/2-1/2"]
[WhiteElo "2024"]
[BlackElo "1901"]
[WhiteFideId "13502280"]
[BlackFideId "1510550"]
[EventDate "2014.09.20"]

1. e4 e5 2. Nf3 Nc6 3. Bb5 a6 4. Ba4 Nf6 5. O-O Be7 6. Re1 b5 7. Bb3 O-O 8. h3
d6 9. c3 Na5 10. Bc2 c5 11. d4 Qc7 12. d5 Bd7 13. b3 Nb7 14. Nbd2 Ne8 15. Nf1 g6
16. Ng3 Ng7 17. Bh6 Nd8 18. Nh2 f6 19. Ng4 Nf7 20. Bd2 Rab8 21. f4 exf4 22. Bxf4
Ne5 23. Nh6+ Kh8 24. Bxe5 fxe5 25. Rf1 1/2-1/2

[Event "World Youth Girls U18 2014"]
[Site "Durban RSA"]
[Date "2014.09.27"]
[Round "9.13"]
[White "Dragieva, Denitza"]
[Black "Leonardi, Caterina"]
[Result "1/2-1/2"]
[WhiteTitle "WFM"]
[WhiteElo "2066"]
[BlackElo "1903"]
[WhiteFideId "2907232"]
[BlackFideId "14601036"]
[EventDate "2014.09.20"]

1. d4 d5 2. Nf3 Nf6 3. Bf4 g6 4. e3 Bg7 5. Be2 Nh5 6. Bg5 h6 7. Bh4 Nd7 8. O-O
O-O 9. Nbd2 c5 10. c3 b6 11. b4 Bb7 12. bxc5 bxc5 13. Qb3 Bc6 14. Qa3 g5 15. Ne5
Bxe5 16. dxe5 Ng7 17. Bg3 h5 18. f4 g4 19. c4 e6 20. Nb3 dxc4 21. Na5 Be4 22.
Nxc4 Nf5 23. Be1 Qc7 24. Rf2 Nb6 25. Ba5 Nxc4 26. Bxc4 Qc6 27. Bd3 Rab8 28. Rc2
Qd5 29. Bxe4 Qxe4 30. Qxc5 Rfc8 31. Qxc8+ Rxc8 32. Rxc8+ Kg7 33. Bd8 Kg6 34. Bf6
Nh6 35. Rf1 1/2-1/2

[Event "World Youth Girls U18 2014"]
[Site "Durban RSA"]
[Date "2014.09.27"]
[Round "9.14"]
[White "Machlik, Monika"]
[Black "Hiebler, Laura"]
[Result "0-1"]
[WhiteElo "2005"]
[BlackElo "1901"]
[WhiteFideId "1513621"]
[BlackFideId "1617621"]
[EventDate "2014.09.20"]

1. d4 Nf6 2. c4 e6 3. Nc3 Bb4 4. Qc2 Nc6 5. e3 O-O 6. Bd2 d6 7. a3 Bxc3 8. Bxc3
e5 9. dxe5 Nxe5 10. Nf3 Qe7 11. Be2 b6 12. O-O Bb7 13. Nxe5 dxe5 14. b4 Rfd8 15.
Rfd1 c5 16. Qf5 Re8 17. bxc5 Qxc5 18. Bb4 Qc8 19. Qc2 a5 20. Bc3 Ba6 21. Qb2 Qc7
22. Rab1 Ne4 23. Bf3 Nxc3 24. Qxc3 e4 25. Be2 Rac8 26. Qb2 Rb8 27. Rdc1 f5 0-1

[Event "World Youth Girls U18 2014"]
[Site "Durban RSA"]
[Date "2014.09.27"]
[Round "9.15"]
[White "Ichimura G. Barbosa, Larissa Y."]
[Black "Schmalhorst, Sophia"]
[Result "1/2-1/2"]
[WhiteElo "1952"]
[BlackElo "1903"]
[WhiteFideId "2126753"]
[BlackFideId "24682497"]
[EventDate "2014.09.20"]

1. e4 e5 2. Nf3 Nc6 3. Bb5 a6 4. Ba4 Nf6 5. Qe2 Bc5 6. c3 O-O 7. d3 d6 8. h3 Ba7
9. g4 Ne7 10. Nbd2 Ng6 11. Nf1 d5 12. Ng3 b5 13. Bb3 dxe4 14. dxe4 Bb7 15. Bc2
Re8 16. Bg5 Nf4 17. Qd2 Qe7 18. O-O-O Rad8 19. Nf5 Qf8 20. Qe1 Rxd1+ 21. Kxd1
Nd7 22. Nxe5 Nxe5 23. Bxf4 Nc4 24. Kc1 Nd6 25. Nxd6 cxd6 26. f3 d5 27. Rh2 dxe4
28. Bxe4 Bxe4 29. fxe4 f5 30. gxf5 Qxf5 31. exf5 Rxe1+ 32. Kd2 Rf1 33. Be3 Bxe3+
34. Kxe3 Rxf5 35. Ke4 Rh5 36. Kf4 Kf7 37. Kg4 Rd5 38. Re2 Kf6 39. Kf4 1/2-1/2

[Event "World Youth Girls U18 2014"]
[Site "Durban RSA"]
[Date "2014.09.27"]
[Round "9.16"]
[White "Grgic, Neomi"]
[Black "Mynzhasarova, Kamilla"]
[Result "1/2-1/2"]
[WhiteElo "1935"]
[BlackElo "1882"]
[WhiteFideId "14520842"]
[BlackFideId "13703668"]
[EventDate "2014.09.20"]

1. e4 e5 2. Nf3 Nc6 3. Bb5 a6 4. Ba4 Nf6 5. O-O b5 6. Bb3 Be7 7. Re1 d6 8. c3
O-O 9. d4 Bg4 10. d5 Na5 11. Bc2 Nc4 12. Nbd2 Nxd2 13. Bxd2 Qd7 14. h3 Bh5 15.
Qe2 c6 16. dxc6 Qxc6 17. Bd3 Rac8 18. b4 Nd7 19. g4 Bg6 20. a4 Rb8 21. axb5 axb5
22. Ra5 Bd8 1/2-1/2

[Event "World Youth Girls U18 2014"]
[Site "Durban RSA"]
[Date "2014.09.27"]
[Round "9.17"]
[White "Abdi, Zineb Dina"]
[Black "Foster, Chantelle L"]
[Result "1-0"]
[WhiteTitle "WIM"]
[WhiteElo "1911"]
[BlackElo "1840"]
[WhiteFideId "7900880"]
[BlackFideId "408476"]
[EventDate "2014.09.20"]

1. e4 c5 2. Nf3 e6 3. d4 cxd4 4. Nxd4 Nc6 5. Nb5 d6 6. c4 Nf6 7. N1c3 a6 8. Na3
b6 9. Be2 Be7 10. Be3 Bb7 11. O-O O-O 12. f4 Qc7 13. Bf3 Rac8 14. Rc1 Nb8 15. g4
Nfd7 16. g5 f5 17. exf5 Bxf3 18. Rxf3 Rxf5 19. Ne2 Nc6 20. Nc2 Nde5 21. Rh3 Nxc4
22. Ned4 Rd5 23. Qh5 h6 24. Nxe6 Qd7 25. Qg6 Bxg5 26. fxg5 N6e5 27. Qxg7+ Qxg7
28. Nxg7 Kxg7 29. gxh6+ Kh7 30. Ne1 Rg8+ 31. Ng2 Nxe3 32. Rc7+ Kh8 33. Rxe3 Rd1+
34. Kf2 Ng4+ 35. Ke2 Nxe3 36. Nxe3 Rd4 37. Nf5 Rf8 38. Nxd4 Re8+ 39. Kd3 d5 40.
Nf5 b5 41. Nd6 Rf8 42. Rg7 1-0

[Event "World Youth Girls U18 2014"]
[Site "Durban RSA"]
[Date "2014.09.27"]
[Round "9.18"]
[White "Wang, Yan"]
[Black "Doan, Thi Hong Nhung"]
[Result "0-1"]
[WhiteElo "1691"]
[BlackElo "1903"]
[WhiteFideId "2614910"]
[BlackFideId "12403547"]
[EventDate "2014.09.20"]

1. e4 e6 2. d4 d5 3. Nd2 dxe4 4. Nxe4 Bd7 5. Nf3 Bc6 6. Bd3 Nd7 7. O-O Ngf6 8.
Qe2 Be7 9. c3 O-O 10. Ned2 Re8 11. Nc4 Bb5 12. a4 Ba6 13. b4 Bxc4 14. Bxc4 Nd5
15. Bd2 Bd6 16. Qd3 Qf6 17. Qc2 Nf4 18. Qe4 Qg6 19. Qxg6 Nxg6 20. Rfe1 h6 21. g3
e5 22. Kg2 a5 23. Bb3 exd4 24. Nxd4 Be5 25. f4 Bf6 26. b5 Nc5 27. Bc2 Ne7 28.
Kf3 Nd5 29. Rxe8+ Rxe8 30. Ne2 Kf8 31. Ra3 0-1

[Event "World Youth Girls U18 2014"]
[Site "Durban RSA"]
[Date "2014.09.27"]
[Round "9.19"]
[White "Adanmis, Ezgi"]
[Black "Wafa, Shrook"]
[Result "1/2-1/2"]
[BlackTitle "WGM"]
[WhiteElo "1546"]
[BlackElo "2141"]
[WhiteFideId "6360017"]
[BlackFideId "10609970"]
[EventDate "2014.09.20"]

1. e4 c5 2. Nf3 d6 3. d4 cxd4 4. c3 d3 5. Bxd3 Nc6 6. O-O g6 7. Qe2 Bg7 8. Bf4
Nf6 9. Rd1 O-O 10. h3 Qb6 11. Na3 a6 12. e5 dxe5 13. Nxe5 Nxe5 14. Bxe5 Be6 15.
Nc4 Qc6 16. Na5 Qc8 17. Nc4 Nd7 18. Bxg7 Kxg7 19. Ne5 Nxe5 20. Qxe5+ Kg8 21. Be4
Rb8 22. Rd4 b6 23. Bf3 Qc5 24. Qe2 b5 25. Rad1 Bc4 26. Qd2 e5 27. Rd7 Be6 28.
Rd3 b4 29. b3 bxc3 30. Qxc3 Qb4 31. Qc6 a5 32. Be2 Qb5 1/2-1/2

[Event "World Youth Girls U18 2014"]
[Site "Durban RSA"]
[Date "2014.09.27"]
[Round "9.20"]
[White "Diederichs, Luise"]
[Black "Al-Moaamari, Mozah"]
[Result "1-0"]
[WhiteElo "1992"]
[BlackElo "1301"]
[WhiteFideId "24661597"]
[BlackFideId "9307010"]
[EventDate "2014.09.20"]

1. d4 d5 2. Bf4 Nf6 3. Nc3 e6 4. Qd3 c6 5. Nf3 Nbd7 6. h3 h6 7. e3 c5 8. Nb5
Qa5+ 9. c3 c4 10. Nc7+ Qxc7 11. Bxc7 cxd3 12. Bxd3 Be7 13. Ke2 O-O 14. g4 Ne4
15. Rhg1 f6 16. c4 b6 17. Nh4 Bb7 18. f3 Ng5 19. cxd5 Bxd5 20. b3 Rac8 21. Bg3
e5 22. e4 Bb7 23. Ng6 Rfe8 24. Bb5 Rcd8 25. dxe5 a6 26. Bc4+ Kh7 27. Nxe7 Rxe7
28. h4 Ne6 29. exf6 Nxf6 30. a4 Nc5 31. Rad1 Rxd1 32. Rxd1 Rd7 33. Rxd7 Nfxd7 1-0

[Event "World Youth Girls U18 2014"]
[Site "Durban RSA"]
[Date "2014.09.27"]
[Round "9.21"]
[White "Domingos, Maria M"]
[Black "Kumari, S C T"]
[Result "0-1"]
[WhiteElo "1737"]
[BlackElo "1525"]
[WhiteFideId "10100768"]
[BlackFideId "9917390"]
[EventDate "2014.09.20"]

1. e4 e6 2. d4 d5 3. e5 c5 4. c3 Nc6 5. Nf3 Qb6 6. Bd3 Bd7 7. Bc2 cxd4 8. cxd4
Rc8 9. Nc3 Nge7 10. O-O Nb4 11. Bb1 Nbc6 12. Na4 Qc7 13. Nc3 Ng6 14. a3 a6 15.
Re1 Na5 16. Ra2 Nc4 17. b3 Nxa3 18. Nxd5 Qxc1 19. Qxc1 Rxc1 20. Rxc1 exd5 21.
Bxg6 hxg6 22. Rc7 Bc6 0-1

[Event "World Youth Girls U18 2014"]
[Site "Durban RSA"]
[Date "2014.09.27"]
[Round "9.22"]
[White "Yashora, Tiumi"]
[Black "Kahancova, Jana"]
[Result "1-0"]
[WhiteElo "1706"]
[BlackElo "1717"]
[WhiteFideId "9903534"]
[BlackFideId "14915987"]
[EventDate "2014.09.20"]

1. d4 d5 2. c4 e6 3. Nf3 Nf6 4. g3 Be7 5. Bg2 O-O 6. O-O b6 7. Nbd2 Bb7 8. b3
Nbd7 9. Bb2 Rc8 10. Rc1 c5 11. Re1 cxd4 12. Nxd4 Nc5 13. f3 Qd7 14. Qc2 Na6 15.
Qb1 Bc5 16. e3 Bb4 17. Red1 Bc5 18. Nc2 Qe7 19. Kh1 e5 20. cxd5 Nxd5 21. e4 Ne3
22. Nxe3 Bxe3 23. Rxc8 Rxc8 24. Nc4 Bc5 25. Nxe5 Bd6 26. Nc4 Bb8 27. Ne3 f6 28.
Bh3 Rd8 29. Rxd8+ Qxd8 30. Be6+ Kh8 31. Bd5 Nc5 32. b4 Bxd5 33. Nxd5 Ne6 34. Qc1
Qd7 35. Qc4 Bd6 36. a3 b5 37. Qb3 a6 38. f4 Qe8 39. f5 Ng5 40. Nxf6 Qc8 41. Nh5
Bf8 42. f6 1-0